Bilderrätsel F (schwer) - Statistiken

Allgemein
  • Dieses Quiz wurde 288 mal gespielt
  • Das Durchschnittsergebnis liegt bei 6 aus 16
Antwortstatistiken
Bildquiz Antwort % Korrekt
Fenchel
82%
Fjord
68%
Frischling
68%
Floh
66%
Färöer
54%
Flakon
52%
Flanell
41%
Franco
38%
Fonda
28%
Fries
20%
Flaschenkürbis
19%
Fuerteventura
19%
Fettuccine
17%
Flügelhorn
10%
Firnis
6%
Feynman
3%
Keine übereinstimmenden Quizze gefunden
Verteilung der Resultate
Anzahl Personen mit jedem Resultat
Perzentil nach korrekt beantworteten Fragen
Ihre Resultats-Entwicklung
Sie haben dieses Quiz noch nicht gespielt